Účtovníctvo v poisťovniach

Guardado en:
Detalles Bibliográficos
Autor principal: Majtánová, Anna
Autor Corporativo: Ekonomická univerzita v Bratislave. Národohospodárska fakulta
Otros Autores: Palacková, Dana
Formato: Libro
Lenguaje:eslovaco
Publicado: Bratislava Vydavateľstvo EKONÓM 2005
Materias:
Etiquetas: Agregar Etiqueta
Sin Etiquetas, Sea el primero en etiquetar este registro!

MARC

LEADER 00000nam a2200000 4500
001 0036913
005 20240502071453.3
020 |a 80-225-2114-0 
041 0 |a slo 
044 |a SK 
245 1 0 |a Účtovníctvo v poisťovniach  |c Anna Majtánová, Dana Palacková 
264 1 |a Bratislava  |b Vydavateľstvo EKONÓM  |c 2005 
300 |a 190 s. 
610 2 0 |a účtovníctvo 
610 2 0 |a poisťovne 
610 2 0 |a účtovanie 
610 2 0 |a harmonizácia 
610 2 0 |a štandardy účtovné medzinárodné 
610 2 0 |a metodika 
610 2 0 |a zmluvy poistné 
610 2 0 |a legislatíva 
610 2 0 |a zákony 
610 2 0 |a majetok 
610 2 0 |a záväzky 
610 2 0 |a triedy účtové 
610 2 0 |a Slovensko 
100 1 |a Majtánová, Anna 
700 1 |a Palacková, Dana 
710 2 |a Ekonomická univerzita v Bratislave. Národohospodárska fakulta